书目信息 |
| 题名: |
给学生真正需要的教育
|
|
| 作者: | ;中国青年报 主编 | |
| 分册: | 1 | |
| 出版信息: | 北京 中国人民大学出版社 2017 |
|
| 页数: | 207页 | |
| 开本: | 24cm | |
| 丛书名: | ||
| 单 册: | ||
| 中图分类: | G4-53 | |
| 科图分类: | ||
| 主题词: | 教育--文集 | |
| 电子资源: | ||
| ISBN: | 978-7-300-24093-0 | |
| 000 | 01248nam0 2200241 450 | |
| 001 | 2134 | |
| 005 | 20180522173731.75 | |
| 010 | @a978-7-300-24093-0@dCNY39.80 | |
| 100 | @a20170802d2017 em y0chiy50 ea | |
| 101 | 0 | @achi |
| 102 | @aCN@b110000 | |
| 105 | @ay z 000yy | |
| 200 | 1 | @a给学生真正需要的教育@9gei xue sheng zhen zheng xu yao de jiao yu@e中国青年报冰点周刊教育特稿精选@h1@f中国青年报冰点周刊主编 |
| 210 | @a北京@c中国人民大学出版社@d2017 | |
| 215 | @a207页@d24cm | |
| 300 | @a源创图书 | |
| 330 | @a本书为读者呈现了一幅教育承传与突围的全景图,在这些动人的故事背后,是教育者对教育本质的不懈追问和践行。本书为《中国青年报·冰点周刊》历年教育特稿的精选,特稿以媒体特有的敏锐重寻课堂生命,叩问师道尊严。本书用故事化、细节性的叙述和一幕幕纪实镜头,真实地再现学校中发生的教育故事;以“冰点”般的冷静和客观,传达出教育肩负的使命和教育者的深切关怀。收录了《法学课里的复杂中国》、《历史课》、《理科生怎样学历史》、《一门“语文课”就够了吗》等文章。 | |
| 517 | 1 | @a中国青年报冰点周刊教育特稿精选@9zhong guo qing nian bao bing dian zhou kan jiao yu te gao jing xuan |
| 606 | 0 | @a教育@j文集 |
| 690 | @aG4-53@v5 | |
| 711 | 02 | @a中国青年报@9zhong guo qing nian bao@b冰点周刊@4主编 |
| 801 | 0 | @aCN@b91MARC@c20170802 |
| 905 | @aMuseLib@dG4-53@e201:1 | |
| 给学生真正需要的教育:中国青年报冰点周刊教育特稿精选.1/中国青年报冰点周刊主编.-北京:中国人民大学出版社,2017 |
| 207页;24cm |
| 源创图书 |
| ISBN 978-7-300-24093-0:CNY39.80 |
| 本书为读者呈现了一幅教育承传与突围的全景图,在这些动人的故事背后,是教育者对教育本质的不懈追问和践行。本书为《中国青年报·冰点周刊》历年教育特稿的精选,特稿以媒体特有的敏锐重寻课堂生命,叩问师道尊严。本书用故事化、细节性的叙述和一幕幕纪实镜头,真实地再现学校中发生的教育故事;以“冰点”般的冷静和客观,传达出教育肩负的使命和教育者的深切关怀。收录了《法学课里的复杂中国》、《历史课》、《理科生怎样学历史》、《一门“语文课”就够了吗》等文章。 |
| ● |
| 相关链接 |
|
|
|
|
正题名:给学生真正需要的教育
索取号:G4-53/201:1
 
预约/预借
| 序号 | 登录号 | 条形码 | 馆藏地/架位号 | 状态 | 备注 |
| 1 | 1073472 | 210734721 | 第一样本阅览室/ [索取号:G4-53/201:1] | 在馆 | |
| 2 | 1073473 | 210734730 | 第四借阅区/ [索取号:G4-53/201:1] | 在馆 | |
| 3 | 1073474 | 210734749 | 第四借阅区/ [索取号:G4-53/201:1] | 在馆 | |
| 4 | 1073475 | 210734758 | 第四借阅区/ [索取号:G4-53/201:1] | 在馆 | |
| 5 | 1073476 | 210734767 | 第四借阅区/ [索取号:G4-53/201:1] | 在馆 | |
| 6 | 1073477 | 210734776 | 教育系资料室/ [索取号:G4-53/201:1] | 在馆 | |
| 7 | 1108089 | 211080890 | 第四借阅区/ [索取号:G4-53/201:1] | 在馆 | |
| 8 | 1108090 | 211080907 | 教育系资料室/ [索取号:G4-53/201:1] | 在馆 | |
| 9 | 1108091 | 211080916 | 教育系资料室/ [索取号:G4-53/201:1] | 在馆 | |
| 10 | 1108092 | 211080925 | 第四借阅区/ [索取号:G4-53/201:1] | 在馆 |